<?xml version="1.0" encoding="UTF-8"?>
<record
    xmlns:xsi="http://www.w3.org/2001/XMLSchema-instance"
    xsi:schemaLocation="http://www.loc.gov/MARC21/slim http://www.loc.gov/standards/marcxml/schema/MARC21slim.xsd"
    xmlns="http://www.loc.gov/MARC21/slim">

  <leader>00935nam a22002537a 4500</leader>
  <controlfield tag="005">20150124124312.0</controlfield>
  <controlfield tag="008">130307t        mx||||| |||| 00| 0 sp d</controlfield>
  <datafield tag="020" ind1=" " ind2=" ">
    <subfield code="a">9707293314</subfield>
  </datafield>
  <datafield tag="020" ind1=" " ind2=" ">
    <subfield code="a">9789707293311</subfield>
  </datafield>
  <datafield tag="050" ind1="0" ind2="4">
    <subfield code="a">RC564</subfield>
    <subfield code="b">W37 2008</subfield>
  </datafield>
  <datafield tag="100" ind1="1" ind2=" ">
    <subfield code="a">Washoton, Arnold M.</subfield>
  </datafield>
  <datafield tag="245" ind1="1" ind2="0">
    <subfield code="a">Tratamiento de problemas de alcohol y drogas en la practica terap&#xE9;utica /</subfield>
    <subfield code="c">Arnold M. Washton, Jaoan E. Zweben ; tr, Beatriz Mravko Vives</subfield>
  </datafield>
  <datafield tag="250" ind1=" " ind2=" ">
    <subfield code="a">1a ed.</subfield>
  </datafield>
  <datafield tag="260" ind1=" " ind2=" ">
    <subfield code="a">M&#xE9;xico :</subfield>
    <subfield code="b">Manual moderno,</subfield>
    <subfield code="c">2008</subfield>
  </datafield>
  <datafield tag="300" ind1=" " ind2=" ">
    <subfield code="a">xxiv, 326 p. ;</subfield>
    <subfield code="c">23 cm.</subfield>
  </datafield>
  <datafield tag="500" ind1=" " ind2=" ">
    <subfield code="a">Traduccion de : Treating alcohol and drug problems in psychotheraphy practice: doing what works</subfield>
  </datafield>
  <datafield tag="504" ind1=" " ind2=" ">
    <subfield code="a">Bibliografia : 303-315</subfield>
  </datafield>
  <datafield tag="504" ind1=" " ind2=" ">
    <subfield code="a">Incluye apendice e &#xED;ndice</subfield>
  </datafield>
  <datafield tag="650" ind1=" " ind2="4">
    <subfield code="a">Abuso de sustancias</subfield>
    <subfield code="x">Tratamiento</subfield>
  </datafield>
  <datafield tag="650" ind1=" " ind2="4">
    <subfield code="a">Alcoholismo</subfield>
    <subfield code="x">Tratamiento</subfield>
    <subfield code="x">Psicoterapia</subfield>
  </datafield>
  <datafield tag="700" ind1="1" ind2=" ">
    <subfield code="a">Zweben, Joan E., </subfield>
    <subfield code="e">coaut.</subfield>
  </datafield>
  <datafield tag="700" ind1="1" ind2=" ">
    <subfield code="a">Mravko Vives, Beatriz, </subfield>
    <subfield code="e">tr.</subfield>
  </datafield>
  <datafield tag="942" ind1=" " ind2=" ">
    <subfield code="2">lcc</subfield>
    <subfield code="c">LIB</subfield>
  </datafield>
  <datafield tag="999" ind1=" " ind2=" ">
    <subfield code="c">36335</subfield>
    <subfield code="d">36335</subfield>
  </datafield>
  <datafield tag="952" ind1=" " ind2=" ">
    <subfield code="1">0</subfield>
    <subfield code="2">lcc</subfield>
    <subfield code="4">0</subfield>
    <subfield code="7">0</subfield>
    <subfield code="a">LIC-047-1</subfield>
    <subfield code="b">LIC-047-1</subfield>
    <subfield code="c">GENERAL</subfield>
    <subfield code="d">2013-03-07</subfield>
    <subfield code="e">PIFI 2010</subfield>
    <subfield code="k">Ciencias de la salud</subfield>
    <subfield code="o">RC564 W37 2008</subfield>
    <subfield code="p">BCCH000000264</subfield>
    <subfield code="r">2015-01-16 00:00:00</subfield>
    <subfield code="t">C : 1</subfield>
    <subfield code="y">LIB</subfield>
  </datafield>
  <datafield tag="952" ind1=" " ind2=" ">
    <subfield code="1">0</subfield>
    <subfield code="2">lcc</subfield>
    <subfield code="4">0</subfield>
    <subfield code="7">0</subfield>
    <subfield code="a">LIC-047-1</subfield>
    <subfield code="b">LIC-047-1</subfield>
    <subfield code="c">GENERAL</subfield>
    <subfield code="d">2013-03-07</subfield>
    <subfield code="e">PIFI 2010</subfield>
    <subfield code="k">Ciencias de la salud</subfield>
    <subfield code="o">RC564 W37 2008</subfield>
    <subfield code="p">BCCH000000260</subfield>
    <subfield code="r">2015-01-16 00:00:00</subfield>
    <subfield code="t">C : 2</subfield>
    <subfield code="y">LIB</subfield>
  </datafield>
  <datafield tag="952" ind1=" " ind2=" ">
    <subfield code="1">0</subfield>
    <subfield code="2">lcc</subfield>
    <subfield code="4">0</subfield>
    <subfield code="7">0</subfield>
    <subfield code="a">LIC-047</subfield>
    <subfield code="b">LIC-047</subfield>
    <subfield code="c">GENERAL</subfield>
    <subfield code="d">2013-07-30</subfield>
    <subfield code="h">BFP000008994</subfield>
    <subfield code="i">Ciencias de la salud</subfield>
    <subfield code="k">Ciencias de la salud</subfield>
    <subfield code="o">RC564 W37 2008</subfield>
    <subfield code="p">BFP000008994</subfield>
    <subfield code="r">2013-07-30 00:00:00</subfield>
    <subfield code="t">3</subfield>
    <subfield code="y">LIB</subfield>
  </datafield>
  <datafield tag="952" ind1=" " ind2=" ">
    <subfield code="1">0</subfield>
    <subfield code="2">lcc</subfield>
    <subfield code="4">0</subfield>
    <subfield code="7">0</subfield>
    <subfield code="a">LIC-047</subfield>
    <subfield code="b">LIC-047</subfield>
    <subfield code="c">GENERAL</subfield>
    <subfield code="d">2013-12-12</subfield>
    <subfield code="h">BFP000008993</subfield>
    <subfield code="i">Ciencias de la salud</subfield>
    <subfield code="k">Ciencias de la salud</subfield>
    <subfield code="l">2</subfield>
    <subfield code="o">RC564 W37 2008 </subfield>
    <subfield code="p">BFP000008993</subfield>
    <subfield code="r">2019-03-29 00:00:00</subfield>
    <subfield code="s">2019-03-27</subfield>
    <subfield code="t">1</subfield>
    <subfield code="y">LIB</subfield>
  </datafield>
  <datafield tag="952" ind1=" " ind2=" ">
    <subfield code="1">0</subfield>
    <subfield code="2">lcc</subfield>
    <subfield code="4">0</subfield>
    <subfield code="7">0</subfield>
    <subfield code="a">LIC-047</subfield>
    <subfield code="b">LIC-047</subfield>
    <subfield code="c">GENERAL</subfield>
    <subfield code="d">2013-12-16</subfield>
    <subfield code="f">1a. ed.</subfield>
    <subfield code="h">BFP000008992</subfield>
    <subfield code="i">CS</subfield>
    <subfield code="k">CS</subfield>
    <subfield code="o">RC564 W37 2008 </subfield>
    <subfield code="p">BFP000008992</subfield>
    <subfield code="r">2013-12-16 00:00:00</subfield>
    <subfield code="t">2</subfield>
    <subfield code="y">LIB</subfield>
  </datafield>
  <datafield tag="952" ind1=" " ind2=" ">
    <subfield code="1">0</subfield>
    <subfield code="2">lcc</subfield>
    <subfield code="4">0</subfield>
    <subfield code="7">0</subfield>
    <subfield code="a">LIC-047</subfield>
    <subfield code="b">LIC-047</subfield>
    <subfield code="c">GENERAL</subfield>
    <subfield code="d">2018-01-29</subfield>
    <subfield code="e">PROFOCIE-2014</subfield>
    <subfield code="f">1a.</subfield>
    <subfield code="h">BFP000012329</subfield>
    <subfield code="i">CS</subfield>
    <subfield code="k">CS</subfield>
    <subfield code="l">1</subfield>
    <subfield code="o">RC564 W37 2008</subfield>
    <subfield code="p">BFP000012329</subfield>
    <subfield code="r">2018-04-13 00:00:00</subfield>
    <subfield code="s">2018-04-10</subfield>
    <subfield code="t">4</subfield>
    <subfield code="y">LIB</subfield>
  </datafield>
</record>
